|
|
|
|
| LEADER |
00000nab a2200000 a 4500 |
| 001 |
vtls008934772 |
| 003 |
SK-MaSNL |
| 005 |
20260303070614.0 |
| 008 |
140303c2006 xo wrzp 0 0slo |
| 015 |
|
|
|a SNBRB2007/01
|2 snkbucl
|
| 040 |
|
|
|a SNKBUCL
|b slo
|c SNKBUCL
|e AACR2
|
| 041 |
0 |
|
|a slo
|
| 044 |
|
|
|a xo
|c SK
|
| 080 |
|
|
|a 331.105.442
|x (437.6)
|2 1997
|
| 080 |
|
|
|a 331.2:614.2
|2 1997
|
| 245 |
0 |
0 |
|a Odvetvová tripartita rokovala najmä o mzdách
|b rozhovor s PhDr. Andrejom Kučinským, predsedom Slovenského odborového zväzu zdravotníctva a sociálnych služieb
|c [zhováral sa ] (riš)
|
| 300 |
|
|
|a Fotogr.
|
| 610 |
2 |
7 |
|a Slovenský odborový zväz zdravotníctva a sociálnych služieb
|2 snkbucl
|9 1048488
|
| 650 |
0 |
7 |
|a mzdy
|2 snkbucl
|9 2316
|
| 650 |
0 |
7 |
|a zdravotníctvo
|x mzdy
|2 snkbucl
|9 1031145
|
| 700 |
1 |
|
|a Kučinský, Andrej
|4 aut
|9 839966
|
| 773 |
0 |
|
|t Zdravotnícke noviny
|g Roč. XI, č. 46 (2006), s. 6
|x 1335-4477
|
| 852 |
|
|
|a SNK
|b KIS3GCP
|
| 958 |
|
|
|a MI
|
| 958 |
|
|
|a SK
|
| 999 |
|
|
|c 1756098
|d 1758028
|